| 000 | 01207nam a22003857a 4500 | ||
|---|---|---|---|
| 001 | BR8805568 | ||
| 003 | BR-BrBNA | ||
| 005 | 20230928093023.0 | ||
| 007 | ta | ||
| 008 | 230509b bl.||||| |||| 00| 0 por d | ||
| 040 |
_aBR-BrBNA _bpor _cBiblioteca Nacional de Agricultura |
||
| 041 | _a(Por) | ||
| 072 |
_aL02; L01; L10 _b5213 _b5214 _b5300 _b1910 |
||
| 090 | _ 5213 BR8805568 | ||
| 100 | 1 | _aBufarah, G. | |
| 100 | 1 | _aNascimento, J. do | |
| 100 | 1 | _aMoura, M.P. de | |
| 100 | 1 | _aFreitas, M.A.R. de (eds.) | |
| 110 | 1 |
_aSociedade Brasileira de Zootecnia, Campinas, SP (Brasil); _99807 |
|
| 110 | 1 |
_aInstituto de Zootecnia, Campinas, SP (Brasil) _96279 |
|
| 111 | 1 |
_a2. Simposio sobre Producao Animal _cNova Odessa, SP (Brazil) _d17-19 Jun 1986 |
|
| 245 | 1 | _aAnais do 2. Simposio sobre Producao Animal | |
| 246 | 1 | _a[Annals of the 2nd Conference on Animal Production] | |
| 260 | 3 |
_aCampinas, SP (Brasil): _c1986. |
|
| 300 | _a108 p. | ||
| 650 | _aGADO DE CORTE | ||
| 650 | _aGADO LEITEIRO | ||
| 650 | _aSUINO | ||
| 650 | _aNUTRICAO ANIMAL | ||
| 650 | _aPASTAGEM | ||
| 650 | _aABATE | ||
| 650 | _aMELHORAMENTO GENETICO ANIMAL | ||
| 909 |
_a202309 _bLucia _c55 _dLucia Elande |
||
| 942 | _cBK | ||
| 999 |
_c42556 _d42556 |
||